15 Największych Miast Wielkiej Brytanii z Mapą - Statystyki

Ogólne statystyki
  • Ten quiz został rozwiązany 45 razy
  • Średni wynik to 12 z 15
Odpowiedzi na mapie
Odpowiedzi zakodowano w zielono-czerwonej skali na mapie do tego quizu, zgodnie z poniższymi procentami.
 
Statystyki odpowiedzi
Kraj Miasto Ludność % Poprawnych
Szkocja Glasgow 630k
100%
Anglia Liverpool 510k
100%
Anglia Londyn 8,7 mln
100%
Anglia Manchester 470k
100%
Anglia Birmingham 1,1 mln
95%
Walia Cardiff 350k
95%
Szkocja Edynburg 510k
95%
Irlandia Północna Belfast 450k
90%
Anglia Leeds 530k
86%
Anglia Sheffield 500k
76%
Anglia Nottingham 300k
71%
Anglia Bristol 420k
67%
Anglia Coventry 340k
57%
Anglia Leicester 410k
52%
Anglia Bradford 330k
24%
Nie znaleziono quizów pasujących do podanych kryteriów
Rozkład punktacji
Procent ludzi z każdym wynikiem
Percentyl według liczby udzielonych odpowiedzi
Twoja historia wyników
Nie rozwiązałeś tego quizu